LEADER 00715nas 2200265zu 450 001 9911069418603321 005 20260312144850.0 011 $a2630-1180 035 $a(CKB)45725102900041 035 $a(EXLCZ)9945725102900041 100 $a20260312cuuuuuuuu || | 101 0 $aeng 135 $aur||||||||||| 200 00$aSciences des Structures et de la Matière 210 $aBurkina Faso: $cCRUFAOCI 610 0$amathematics 610 0$achemistry 610 0$aphysics 610 0$acomputer sciences 610 0$amaterials sciences 610 0$aenvironmental sciences 906 $aJOURNAL 912 $a9911069418603321 996 $aSciences des Structures et de la Matière$94551892 997 $aUNINA